[Event "XXVIII Open Internacional Ciud"]
[Site "Salon Miramar (Hotel Costa Va"]
[Date "2005.03.25"]
[Round "8.16"]
[White "Hernandez, Elvis"]
[Black "Cuero Reid, Maximo Javier"]
[Result "1-0"]
[WhiteElo "2313"]
[BlackElo "2004"]
[PlyCount "53"]
[EventDate "2005.03.19"]

1. e4 e6 2. d4 d6 3. Nc3 Nd7 4. Nf3 Be7 5. Bd3 Nf8 6. Qe2 Bd7 7. Bd2 c6 8. e5
d5 9. h4 b5 10. h5 a5 11. Rh3 g5 12. hxg6 fxg6 13. O-O-O Qb6 14. Rdh1 c5 15.
dxc5 Bxc5 16. Nxb5 a4 17. Nd6+ Bxd6 18. exd6 Nf6 19. Qe5 O-O-O 20. Qxf6 e5 21.
Qxh8 Bxh3 22. gxh3 e4 23. Qc3+ Kb7 24. Be3 Qxd6 25. Be2 exf3 26. Bxf3 Ne6 27.
Rd1 1-0

[Event "XXVIII Open Internacional Ciud"]
[Site "Salon Miramar (Hotel Costa Va"]
[Date "2005.03.25"]
[Round "8.17"]
[White "Serras Uria, Antonio"]
[Black "Salcedo, Marc"]
[Result "1/2-1/2"]
[WhiteElo "2220"]
[BlackElo "2038"]
[PlyCount "44"]
[EventDate "2005.03.19"]

1. e4 d5 2. exd5 Nf6 3. d4 Bg4 4. f3 Bf5 5. c4 e6 6. Bd3 Bxd3 7. Qxd3 exd5 8.
Ne2 Bb4+ 9. Nbc3 O-O 10. O-O c5 11. Bg5 dxc4 12. Qxc4 Bxc3 13. Qxc3 cxd4 14.
Qxd4 Qxd4+ 15. Nxd4 Nd5 16. Rac1 Na6 17. Rfd1 h6 18. Nf5 Nb6 19. Bh4 Rfe8 20.
Kf2 Nb4 21. Rc7 Re5 22. g4 Rae8 1/2-1/2

[Event "XXVIII Open Internacional Ciud"]
[Site "Salon Miramar (Hotel Costa Va"]
[Date "2005.03.25"]
[Round "8.18"]
[White "Pastor Pons, Pedro"]
[Black "Zubimendi Her, Julian"]
[Result "1-0"]
[WhiteElo "2210"]
[BlackElo "1999"]
[PlyCount "63"]
[EventDate "2005.03.19"]

1. e4 c5 2. Nf3 e6 3. d4 cxd4 4. Nxd4 a6 5. c4 Nf6 6. Nc3 Qc7 7. Be2 d6 8. O-O
Be7 9. b3 b5 10. Qc2 b4 11. Na4 Bb7 12. Bd3 Nbd7 13. Bb2 g6 14. Rfe1 O-O 15.
Rad1 Rfe8 16. Qd2 e5 17. Nf3 a5 18. a3 Rab8 19. Rc1 Bf8 20. axb4 axb4 21. Re2
Nh5 22. g3 f5 23. Ne1 Qd8 24. f3 Be7 25. Rd1 Rf8 26. c5 d5 27. exd5 Bxd5 28.
Bxf5 Nhf6 29. Bxd7 Qxd7 30. Bxe5 Rbe8 31. Bxf6 Rxf6 32. Kg2 1-0

[Event "XXVIII Open Internacional Ciud"]
[Site "Salon Miramar (Hotel Costa Va"]
[Date "2005.03.25"]
[Round "8.19"]
[White "Gastanares Lopez, Javier"]
[Black "Salterain Gonzalez, Galder"]
[Result "1-0"]
[WhiteElo "2158"]
[BlackElo "1906"]
[PlyCount "37"]
[EventDate "2005.03.19"]

1. d4 d5 2. e4 e6 3. e5 c5 4. c3 Nc6 5. Nf3 Qb6 6. a3 Nge7 7. b4 c4 8. Nbd2 a5
9. Bb2 Ng6 10. h4 Bd7 11. h5 Nge7 12. Bxc4 axb4 13. axb4 Rxa1 14. Qxa1 Nxb4 15.
cxb4 dxc4 16. Nxc4 Qxb4+ 17. Nfd2 Nc6 18. Bc3 Qe7 19. Nd6+ 1-0

[Event "XXVIII Open Internacional Ciud"]
[Site "Salon Miramar (Hotel Costa Va"]
[Date "2005.03.25"]
[Round "8.20"]
[White "Darrigues, Alain"]
[Black "Alonso Arburu, Jose Maria"]
[Result "1-0"]
[WhiteElo "2030"]
[BlackElo "2154"]
[PlyCount "67"]
[EventDate "2005.03.19"]

1. d4 d5 2. c4 c6 3. Nf3 g6 4. Nc3 Bg7 5. Qb3 dxc4 6. Qxc4 Nf6 7. e4 O-O 8. Be2
b5 9. Qd3 b4 10. Na4 Ba6 11. Qc2 Bxe2 12. Qxe2 Nbd7 13. O-O Qa5 14. b3 c5 15.
Bb2 cxd4 16. Bxd4 e5 17. Bb2 Rfd8 18. Nd2 Ne8 19. Nc4 Qb5 20. Rad1 Nb6 21.
Naxb6 axb6 22. Rxd8 Rxd8 23. Rd1 Ra8 24. Rd5 Qa6 25. Bxe5 b5 26. Ne3 Nf6 27.
Rd6 Qb7 28. Bxf6 Bxf6 29. Rxf6 Qxe4 30. Qb2 Rc8 31. h3 Rc3 32. Rd6 Qe5 33. Rd8+
Kg7 34. Qd2 1-0

[Event "XXVIII Open Internacional Ciud"]
[Site "Salon Miramar (Hotel Costa Va"]
[Date "2005.03.25"]
[Round "8.7"]
[White "Jakobsen, Ole"]
[Black "Vehi Bach, Victor M"]
[Result "1/2-1/2"]
[WhiteElo "2387"]
[BlackElo "2423"]
[PlyCount "93"]
[EventDate "2005.03.19"]

1. d4 Nf6 2. c4 e6 3. Nf3 Bb4+ 4. Bd2 Qe7 5. g3 Nc6 6. Bg2 Bxd2+ 7. Nbxd2 d6 8.
Nf1 O-O 9. Ne3 e5 10. O-O Re8 11. Rc1 a5 12. Nd5 Qd8 13. Re1 Bg4 14. Nxf6+ Qxf6
15. d5 Nb4 16. Qb3 Bxf3 17. Bxf3 e4 18. Bg2 h5 19. Rc3 Na6 20. Re3 Nc5 21. Qc3
Qxc3 22. Rxc3 Rab8 23. b3 b5 24. cxb5 Rxb5 25. e3 Rb4 26. Bf1 Reb8 27. Rec1 a4
28. bxa4 Rxa4 29. R3c2 g6 30. Bc4 Kg7 31. Kg2 Kf6 32. f4 exf3+ 33. Kxf3 Ra3 34.
h4 Ke5 35. Rd1 Rb4 36. Rdc1 f5 37. Rd1 Rxc4 38. Rxc4 Rxa2 39. Rdc1 Nd3 40. Rf1
Kf6 41. Rd4 Ne5+ 42. Kf4 Rc2 43. Rdd1 Rc3 44. Rd4 Rc2 45. Rdd1 Rc3 46. Rd4 Rc2
47. Rdd1 1/2-1/2

[Event "XXVIII Open Internacional Ciud"]
[Site "Salon Miramar (Hotel Costa Va"]
[Date "2005.03.25"]
[Round "8.8"]
[White "Acosta Garcia, Alfonso Carlos"]
[Black "Guerra Bastida, Diego"]
[Result "1/2-1/2"]
[WhiteElo "2256"]
[BlackElo "2390"]
[PlyCount "62"]
[EventDate "2005.03.19"]

1. d4 Nf6 2. c4 c5 3. d5 d6 4. Nc3 g6 5. e4 Bg7 6. h3 O-O 7. Nf3 e6 8. Bd3 exd5
9. cxd5 Bd7 10. a4 Na6 11. O-O Re8 12. Re1 Nb4 13. Bf1 a6 14. Bf4 Nh5 15. Bg5
Bf6 16. Be3 b6 17. Nh2 Bg5 18. Ng4 Bxg4 19. hxg4 Bxe3 20. Rxe3 Nf6 21. Rc1 h5
22. gxh5 Nxh5 23. Qg4 Kg7 24. Rf3 Re5 25. g3 Qe7 26. Re3 Nf6 27. Qe2 Rh8 28.
Bg2 Reh5 29. f4 Rh2 30. e5 Nfxd5 31. Nxd5 Nxd5 1/2-1/2

[Event "XXVIII Open Internacional Ciud"]
[Site "Salon Miramar (Hotel Costa Va"]
[Date "2005.03.26"]
[Round "9.1"]
[White "Dobrev, Nanko"]
[Black "Spraggett, Kevin"]
[Result "1/2-1/2"]
[WhiteElo "2399"]
[BlackElo "2589"]
[PlyCount "76"]
[EventDate "2005.03.19"]

1. d4 Nf6 2. c4 e6 3. Nf3 Bb4+ 4. Nbd2 O-O 5. a3 Be7 6. e3 d5 7. b3 b6 8. Qc2
Bb7 9. Bb2 Nbd7 10. b4 c5 11. cxd5 exd5 12. dxc5 bxc5 13. bxc5 Nxc5 14. Be2 Rc8
15. O-O Nfe4 16. Qd1 Bf6 17. Nd4 Ba8 18. Rc1 Qb6 19. Ba1 Rfe8 20. Rc2 g6 21.
N2f3 a6 22. Qb1 Qd6 23. Rfc1 Rb8 24. Qa2 Rb6 25. Ne1 Be5 26. Ndf3 Bxa1 27. Rxa1
Nxf2 28. Kxf2 Qe7 29. Kg1 Qxe3+ 30. Kh1 Ne4 31. Bd3 Qh6 32. Bxe4 dxe4 33. Ng1
Rf6 34. Rf2 Rfe6 35. Nc2 e3 36. Re2 Re5 37. Nd4 Qf4 38. Ngf3 Re4 1/2-1/2

[Event "XXVIII Open Internacional Ciud"]
[Site "Salon Miramar (Hotel Costa Va"]
[Date "2005.03.26"]
[Round "9.5"]
[White "Peralta, Fernando"]
[Black "Pomes Marcet, Juan"]
[Result "1-0"]
[WhiteElo "2538"]
[BlackElo "2374"]
[PlyCount "103"]
[EventDate "2005.03.19"]

1. d4 d5 2. c4 c6 3. Nf3 Nf6 4. Be3 Bf5 5. Nc3 e6 6. Nh4 Be4 7. f3 Bg6 8. Qb3
Qc7 9. Bd2 Nbd7 10. cxd5 exd5 11. O-O-O Be7 12. Nxg6 hxg6 13. e4 Qb6 14. Qa4
Qb4 15. Qxb4 Bxb4 16. e5 Nh7 17. a3 Be7 18. Bd3 Nhf8 19. f4 Ne6 20. Ne2 Nb6 21.
Kb1 Nc4 22. Bc1 a5 23. a4 Nb6 24. b3 Nd7 25. Bd2 Bb4 26. Bxb4 axb4 27. h4 Ke7
28. g4 c5 29. dxc5 Nexc5 30. Bc2 b5 31. axb5 Ra3 32. Kb2 Nb6 33. Nd4 Rha8 34.
Nc6+ Ke8 35. Nxb4 R8a5 36. Nxd5 Ra2+ 37. Kc3 Nxd5+ 38. Rxd5 Ne6 39. Rf1 Nc7 40.
Rc5 Ne6 41. Rc8+ Kd7 42. Rc4 Rxb5 43. Rd1+ Ke7 44. f5 gxf5 45. gxf5 Nc5 46.
Rcd4 Rb7 47. R1d2 Nd7 48. Re2 Nb6 49. Kd3 Ra5 50. Kc3 Rc5+ 51. Kd2 Ra7 52. f6+
1-0

[Event "XXVIII Open Internacional Ciud"]
[Site "Salon Miramar (Hotel Costa Va"]
[Date "2005.03.26"]
[Round "9.6"]
[White "Gomez Esteban, Juan Mario"]
[Black "Acosta Garcia, Alfonso Carlos"]
[Result "1/2-1/2"]
[WhiteElo "2474"]
[BlackElo "2256"]
[PlyCount "78"]
[EventDate "2005.03.19"]

1. d4 d5 2. c4 c6 3. Nf3 Nf6 4. e3 Bf5 5. Nc3 e6 6. Nh4 Be4 7. f3 Bg6 8. Qb3
Qb6 9. Nxg6 hxg6 10. g3 Bd6 11. f4 Qxb3 12. axb3 g5 13. c5 Bc7 14. b4 gxf4 15.
exf4 Ne4 16. b5 Nxc3 17. b6 Na6 18. bxc3 axb6 19. cxb6 Bxb6 20. h4 Bd8 21. Rh2
Nc7 22. Rxa8 Nxa8 23. Ra2 Nc7 24. Ra7 b5 25. Ba3 Kd7 26. Bd3 f5 27. Bc5 Kc8 28.
Be2 Kb8 29. Kd2 Bf6 30. Bb6 Na8 31. Bc5 Nc7 32. Ra1 Kb7 33. Ra7+ Kb8 34. h5 Rc8
35. Ra1 Kb7 36. Ra7+ Kb8 37. Ra2 Kb7 38. Ra7+ Kb8 39. Ra2 Kb7 1/2-1/2

[Event "XXVIII Open Internacional Ciud"]
[Site "Salon Miramar (Hotel Costa Va"]
[Date "2005.03.26"]
[Round "9.7"]
[White "Moriuchi, Toshiyuki"]
[Black "Prie, Eric"]
[Result "0-1"]
[WhiteElo "2301"]
[BlackElo "2439"]
[PlyCount "58"]
[EventDate "2005.03.19"]

1. e4 d5 2. exd5 Qxd5 3. Nc3 Qa5 4. d4 Nf6 5. Nf3 Bf5 6. Bc4 c6 7. Ne5 e6 8. g4
Bg6 9. h4 Nbd7 10. Nxd7 Nxd7 11. h5 Be4 12. Rh3 Bg2 13. Re3 Qc7 14. f4 Nb6 15.
Bb3 O-O-O 16. Kf2 Bd5 17. Nxd5 Nxd5 18. Rf3 Nf6 19. Kg3 g6 20. hxg6 hxg6 21. g5
Ne4+ 22. Kg2 Nxg5 23. Rd3 Ne4 24. Qf3 Nd6 25. Be3 Nf5 26. Bf2 Bd6 27. d5 exd5
28. Bxd5 Nh4+ 29. Bxh4 Rxh4 0-1

[Event "XXVIII Open Internacional Ciud"]
[Site "Salon Miramar (Hotel Costa Va"]
[Date "2005.03.26"]
[Round "9.8"]
[White "Van Hoolandt, Patrick"]
[Black "Andres Gonzalez, Alberto"]
[Result "0-1"]
[WhiteElo "2238"]
[BlackElo "2430"]
[PlyCount "59"]
[EventDate "2005.03.19"]

1. d4 Nf6 2. Nf3 c5 3. c4 cxd4 4. Nxd4 e5 5. Nb5 d5 6. cxd5 Bc5 7. N5c3 O-O 8.
h3 e4 9. e3 Nbd7 10. a3 Nb6 11. b4 Bd6 12. Ra2 Nbxd5 13. Nxd5 Nxd5 14. Bc4 Nb6
15. Bb3 Qf6 16. Bb2 Qg6 17. Kf1 Bd7 18. Nc3 Rad8 19. Qb1 Be5 20. a4 Be6 21. Ba1
Bxb3 22. Qxb3 Rd3 23. a5 Bxc3 24. axb6 Bxa1 25. Qa4 Bc3 26. bxa7 Ra8 27. g3 h5
28. h4 Qg4 29. Kg2 Qf3+ 30. Kh3 0-1

[Event "XXVIII Open Internacional Ciud"]
[Site "Salon Miramar (Hotel Costa Va"]
[Date "2005.03.26"]
[Round "9.9"]
[White "Vehi Bach, Victor M"]
[Black "Argandona Rivero, Inigo"]
[Result "1/2-1/2"]
[WhiteElo "2423"]
[BlackElo "2359"]
[PlyCount "48"]
[EventDate "2005.03.19"]

1. e4 c6 2. d4 g6 3. Nc3 d5 4. Bf4 dxe4 5. Nxe4 Nf6 6. Nxf6+ exf6 7. Bc4 Qe7+
8. Qe2 Qxe2+ 9. Nxe2 Nd7 10. O-O Nb6 11. Bb3 Be6 12. Rfe1 O-O-O 13. c3 Nd5 14.
Bd2 h5 15. c4 Nc7 16. Bc3 Bg7 17. Rad1 Rd7 18. Nf4 Rhd8 19. Kf1 Bh8 20. d5 cxd5
21. cxd5 Bxd5 22. Nxd5 Nxd5 23. Bxd5 Rxd5 24. Rxd5 Rxd5 1/2-1/2

[Event "XXVIII Open Internacional Ciud"]
[Site "Salon Miramar (Hotel Costa Va"]
[Date "2005.03.26"]
[Round "9.10"]
[White "Guerra Bastida, Diego"]
[Black "Jakobsen, Ole"]
[Result "1/2-1/2"]
[WhiteElo "2390"]
[BlackElo "2387"]
[PlyCount "57"]
[EventDate "2005.03.19"]

1. e4 c5 2. Nf3 a6 3. c3 e6 4. d4 d5 5. exd5 exd5 6. g3 cxd4 7. Nxd4 Nf6 8. Bg2
Be7 9. O-O O-O 10. Nd2 Nc6 11. N2f3 h6 12. h3 Re8 13. Re1 Bd6 14. Be3 Na5 15.
Nd2 Nc6 16. Qc2 Bd7 17. Nxc6 bxc6 18. Bd4 Be6 19. b4 Nh7 20. h4 Qd7 21. Nb3 Bf5
22. Qd2 Bh3 23. Kh2 Bxg2 24. Kxg2 Nf8 25. Nc5 Bxc5 26. Bxc5 Ng6 27. Rxe8+ Rxe8
28. Re1 Nxh4+ 29. gxh4 1/2-1/2

[Event "XXVIII Open Internacional Ciud"]
[Site "Salon Miramar (Hotel Costa Va"]
[Date "2005.03.26"]
[Round "9.11"]
[White "Martin Alvarez, Inigo"]
[Black "Hernandez, Elvis"]
[Result "1-0"]
[WhiteElo "2049"]
[BlackElo "2313"]
[PlyCount "67"]
[EventDate "2005.03.19"]

1. e4 e6 2. d4 d5 3. Nc3 Bb4 4. Nge2 Nc6 5. a3 Ba5 6. Be3 Nf6 7. e5 Ng4 8. Bf4
f6 9. Ng3 Nxf2 10. Kxf2 fxe5 11. Bxe5 O-O+ 12. Ke1 Nxe5 13. dxe5 Qg5 14. Qe2 d4
15. b4 dxc3 16. bxa5 b6 17. Rd1 bxa5 18. Qe4 Bb7 19. Qd4 Rad8 20. Qxc3 Qf4 21.
Rxd8 Qf2+ 22. Kd1 Rxd8+ 23. Kc1 Qf4+ 24. Kb2 Rd1 25. Bc4 Qc1+ 26. Kb3 Rxh1 27.
Bxe6+ Kf8 28. Qc5+ Ke8 29. Nf5 Qg5 30. Qxc7 Bd5+ 31. Bxd5 Rb1+ 32. Ka2 Qxf5 33.
Bc6+ Kf8 34. Qd8+ 1-0

[Event "XXVIII Open Internacional Ciud"]
[Site "Salon Miramar (Hotel Costa Va"]
[Date "2005.03.26"]
[Round "9.12"]
[White "Alonso, Salvador"]
[Black "Gastanares Lopez, Javier"]
[Result "1-0"]
[WhiteElo "2459"]
[BlackElo "2158"]
[PlyCount "87"]
[EventDate "2005.03.19"]

1. e4 e6 2. d4 d5 3. Nc3 Bb4 4. e5 c5 5. a3 Ba5 6. b4 cxd4 7. Nb5 Bc7 8. f4 Bd7
9. Qg4 Ne7 10. Qxg7 Rg8 11. Qxh7 Bxb5 12. Bxb5+ Nbc6 13. Bf1 Bb6 14. Nf3 Qc7
15. Bd2 a5 16. b5 Nb8 17. h4 Nd7 18. Ng5 Rf8 19. Bd3 Nc5 20. g3 a4 21. O-O Nxd3
22. cxd3 Ba5 23. Bxa5 Rxa5 24. Qh5 Rxb5 25. Rac1 Qa5 26. Rf2 Rc5 27. Rxc5 Qxc5
28. Nxe6 Qxa3 29. Nxf8 Kxf8 30. Qh8+ Ng8 31. e6 Qxd3 32. e7+ Kxe7 33. Qxg8 a3
34. Qg5+ Kd6 35. Kh2 b5 36. Qd8+ Kc5 37. Qc7+ Kb4 38. Qxf7 Qc4 39. Qe7+ Kb3 40.
Qe1 d3 41. f5 b4 42. f6 Qc3 43. Qd1+ Kc4 44. f7 1-0

[Event "XXVIII Open Internacional Ciud"]
[Site "Salon Miramar (Hotel Costa Va"]
[Date "2005.03.26"]
[Round "9.13"]
[White "Bareyre, Patrick"]
[Black "Gonzalez De La Torre, Sant"]
[Result "0-1"]
[WhiteElo "2147"]
[BlackElo "2384"]
[PlyCount "90"]
[EventDate "2005.03.19"]

1. d4 Nf6 2. Nf3 c5 3. d5 b5 4. Bg5 d6 5. Bxf6 exf6 6. e4 a6 7. a4 b4 8. Nbd2
f5 9. e5 dxe5 10. Nxe5 Qxd5 11. Ndc4 Qxd1+ 12. Rxd1 Be6 13. Nb6 Ra7 14. Be2 Be7
15. Bf3 f6 16. Nec4 Kf7 17. O-O Nd7 18. Rfe1 Nxb6 19. Nxb6 Rd8 20. a5 c4 21. c3
Rxd1 22. Rxd1 bxc3 23. bxc3 Rc7 24. Bd5 Rc5 25. Bxe6+ Kxe6 26. Re1+ Re5 27. Kf1
Bd8 28. Nxc4 Rxe1+ 29. Kxe1 Kd5 30. Ne3+ Ke4 31. Kd2 Bxa5 32. f3+ Kf4 33. Kd3
Bd8 34. c4 Ke5 35. c5 f4 36. Nc2 Kd5 37. Nd4 Bc7 38. h4 g6 39. h5 gxh5 40. Nf5
Kxc5 41. Kc3 Be5+ 42. Kb3 h4 43. Kc2 Kc4 44. Ne7 a5 45. Nc6 a4 0-1

[Event "XXVIII Open Internacional Ciud"]
[Site "Salon Miramar (Hotel Costa Va"]
[Date "2005.03.26"]
[Round "9.14"]
[White "Manso Marquez, Felix"]
[Black "Pastor Pons, Pedro"]
[Result "1-0"]
[WhiteElo "2091"]
[BlackElo "2210"]
[PlyCount "113"]
[EventDate "2005.03.19"]

1. d4 g6 2. c4 Bg7 3. Nc3 d6 4. e4 Nf6 5. Nf3 O-O 6. Be2 e5 7. O-O Nc6 8. d5
Ne7 9. Ne1 Ne8 10. Be3 f5 11. f3 Nf6 12. c5 h5 13. a4 fxe4 14. fxe4 Bg4 15. Nf3
Bxf3 16. Bxf3 Kh7 17. Qe2 Bh6 18. Bxh6 Kxh6 19. g4 hxg4 20. Bxg4 dxc5 21. Qe3+
Kg7 22. Qg5 Nxg4 23. Qxg4 Ng8 24. Qg3 Qd6 25. Rf5 Nh6 26. Rxe5 Nf7 27. Re6
Qxg3+ 28. hxg3 Rfe8 29. Rxe8 Rxe8 30. Kf2 Nd6 31. Kf3 a6 32. b3 Kf6 33. Rh1 Re7
34. a5 c4 35. b4 Nb5 36. Nxb5 axb5 37. Kf4 g5+ 38. Ke3 Kg6 39. Kd4 Rh7 40. Re1
Rh2 41. Kc5 c3 42. Kxb5 c2 43. Kc4 Re2 44. Rc1 Rxe4+ 45. Kc5 b6+ 46. axb6 cxb6+
47. Kb5 Rd4 48. Rxc2 Rxd5+ 49. Kxb6 Rd3 50. Rg2 Kf5 51. b5 Kg4 52. Rg1 Rb3 53.
Kc6 Kf3 54. g4 Kf2 55. Rc1 Rb4 56. b6 Rxg4 57. Rc5 1-0

[Event "XXVIII Open Internacional Ciud"]
[Site "Salon Miramar (Hotel Costa Va"]
[Date "2005.03.26"]
[Round "9.15"]
[White "Huesmann, Thomas"]
[Black "Darrigues, Alain"]
[Result "1-0"]
[WhiteElo "2315"]
[BlackElo "2030"]
[PlyCount "109"]
[EventDate "2005.03.19"]

1. e4 c5 2. Nc3 Nc6 3. f4 g6 4. Bc4 Bg7 5. Nf3 e6 6. f5 Nge7 7. fxe6 dxe6 8. d3
O-O 9. O-O a6 10. a3 b5 11. Ba2 Qc7 12. Ng5 h6 13. Nf3 Ne5 14. Ne2 N7c6 15. c3
Nxf3+ 16. Rxf3 e5 17. Be3 Qd6 18. b4 cxb4 19. axb4 Bg4 20. Bc5 Qd7 21. Rf2 Be6
22. Bxf8 Bxf8 23. Bxe6 Qxe6 24. Rf3 Be7 25. Qb1 Kg7 26. Ng3 Bg5 27. Qb2 Qd6 28.
Qb3 Ra7 29. Rxa6 Qc7 30. Rxa7 Qxa7+ 31. Kf1 Qa1+ 32. Ke2 Nd8 33. Rf1 Qa7 34.
Kd1 Qe3 35. Qc2 Ne6 36. Ne2 h5 37. Rf3 Qa7 38. Qb2 Be3 39. h4 f6 40. Ke1 Bb6
41. g3 Kf7 42. Kf1 Ke7 43. Kg2 Be3 44. Rf1 Qb7 45. Qa2 f5 46. Qd5 Qxd5 47. exd5
Nc7 48. c4 Kd6 49. Rd1 Na6 50. Kf3 Bh6 51. cxb5 Nxb4 52. Nc3 Bg7 53. Na4 Kxd5
54. Ke2 Bf8 55. Rc1 1-0

[Event "XXVIII Open Internacional Ciud"]
[Site "Salon Miramar (Hotel Costa Va"]
[Date "2005.03.26"]
[Round "9.16"]
[White "Virto Alustiza, Aingeru"]
[Black "Serras Uria, Antonio"]
[Result "0-1"]
[WhiteElo "1953"]
[BlackElo "2220"]
[PlyCount "54"]
[EventDate "2005.03.19"]

1. e4 c5 2. Nf3 d6 3. d4 cxd4 4. Qxd4 Nc6 5. Bb5 Bd7 6. Bxc6 Bxc6 7. Bg5 Nf6 8.
Nc3 h6 9. Bh4 g5 10. Bg3 Bg7 11. Qe3 Nh5 12. Nd2 Nxg3 13. hxg3 Qa5 14. Nd1
O-O-O 15. c3 Kb8 16. b4 Qe5 17. a4 f5 18. Nf3 Qxe4 19. Kd2 e5 20. Re1 Qd5+ 21.
Kc2 f4 22. Qe2 Bd7 23. c4 Rc8 24. Kb3 Qf7 25. Qd3 d5 26. Qd2 e4 27. Nd4 Rxc4
0-1

[Event "XXVIII Open Internacional Ciud"]
[Site "Salon Miramar (Hotel Costa Va"]
[Date "2005.03.26"]
[Round "9.17"]
[White "Salcedo, Marc"]
[Black "Galzagorri Uli, Yeray"]
[Result "1/2-1/2"]
[WhiteElo "2038"]
[BlackElo "2199"]
[PlyCount "57"]
[EventDate "2005.03.19"]

1. e4 c5 2. c3 Nf6 3. e5 Nd5 4. d4 cxd4 5. Nf3 e6 6. cxd4 d6 7. Nc3 Nxc3 8.
bxc3 Qc7 9. Bb2 Nd7 10. exd6 Bxd6 11. Bd3 b6 12. O-O Bb7 13. Rc1 O-O 14. c4
Bxf3 15. Qxf3 Bxh2+ 16. Kh1 Bd6 17. Rfe1 Nf6 18. d5 e5 19. Qf5 Rfe8 20. f4 e4
21. Bxf6 exd3 22. Qg5 g6 23. Bc3 Rxe1+ 24. Rxe1 d2 25. Bxd2 Qd8 26. Qxd8+ Rxd8
27. Kg1 Rc8 28. Rc1 b5 29. cxb5 1/2-1/2

[Event "XXVIII Open Internacional Ciud"]
[Site "Salon Miramar (Hotel Costa Va"]
[Date "2005.03.26"]
[Round "9.18"]
[White "Pineira Alvarez, Jose Luis"]
[Black "Alcaide Luque, Aitor"]
[Result "0-1"]
[WhiteElo "2133"]
[BlackElo "2058"]
[PlyCount "113"]
[EventDate "2005.03.19"]

1. d4 e6 2. c4 f5 3. Nc3 Nf6 4. g3 d5 5. Bg2 c6 6. Nh3 Bd6 7. Bf4 Be7 8. Qb3
O-O 9. Rd1 Nbd7 10. cxd5 exd5 11. e4 fxe4 12. Ng5 Nb6 13. Ngxe4 Kh8 14. Ng5 Nh5
15. Nh3 Bxh3 16. Bxh3 Nxf4 17. gxf4 Rxf4 18. Ne2 Re4 19. Bf5 Rh4 20. Rd3 Qd6
21. a3 Rf8 22. Bh3 Rh6 23. f4 Bh4+ 24. Kd1 Nc4 25. Bg4 Qe7 26. Rf1 Qe4 27. Kc1
Nd6 28. h3 Re8 29. f5 Nc4 30. Ng3 Bg5+ 31. Kb1 Nd2+ 32. Ka2 Qe7 33. Rxd2 Bxd2
34. Bh5 Rf8 35. Rf2 Qe3 36. Rf3 Qxb3+ 37. Rxb3 Be1 38. Bg4 Bxg3 39. Rxg3 Re8
40. Kb3 Rf6 41. Kc3 Re4 42. Kd3 Kg8 43. b4 Kf8 44. a4 Kf7 45. Rg1 Rd6 46. b5
cxb5 47. Rb1 Rb6 48. a5 Rd6 49. Rxb5 Re7 50. Bf3 Red7 51. Ke3 Kf6 52. Kf4 b6
53. a6 Rc7 54. Bxd5 Rc3 55. Ke4 Rxh3 56. Kf4 Rh5 57. Kg4 0-1

[Event "XXVIII Open Internacional Ciud"]
[Site "Salon Miramar (Hotel Costa Va"]
[Date "2005.03.26"]
[Round "9.19"]
[White "Tung, Kai Ming"]
[Black "Martinez Pelaez, David"]
[Result "1/2-1/2"]
[WhiteElo "2125"]
[BlackElo "2000"]
[PlyCount "102"]
[EventDate "2005.03.19"]

1. e4 e5 2. Nf3 Nc6 3. d4 exd4 4. Nxd4 Nf6 5. Nxc6 bxc6 6. e5 Qe7 7. Qe2 Nd5 8.
c4 Ba6 9. b3 g6 10. f4 Bg7 11. Qe4 Nb4 12. Nd2 O-O 13. a3 d5 14. cxd5 Bxf1 15.
Rxf1 Nxd5 16. Bb2 Qh4+ 17. Rf2 Qxh2 18. O-O-O Qg3 19. Qf3 Qxf3 20. Rxf3 Rfd8
21. Nc4 Nxf4 22. Rxf4 Bh6 23. g3 Rd5 24. Rxd5 cxd5 25. Ne3 Bxf4 26. gxf4 c6 27.
Bd4 a6 28. Nc2 h5 29. Bf2 Kg7 30. Bh4 Kf8 31. Kb2 Ke8 32. Kc3 Kd7 33. Nb4 Ke6
34. Kd4 Kf5 35. Bg5 Rb8 36. Nxa6 Rxb3 37. Nb4 Rxa3 38. Nxc6 h4 39. Bxh4 Kxf4
40. Be7 Ra6 41. Kxd5 g5 42. Bd6 Kf3 43. Nd4+ Ke3 44. Nf5+ Ke2 45. Nh6 Ra7 46.
Ke4 Ra4+ 47. Kf5 Kf3 48. Kxg5 Ra7 49. Kf6 Ra5 50. Nxf7 Rxe5 51. Nxe5+ Ke4
1/2-1/2

[Event "XXVIII Open Internacional Ciud"]
[Site "Salon Miramar (Hotel Costa Va"]
[Date "2005.03.26"]
[Round "9.20"]
[White "Lazkano Gaite, Tomas"]
[Black "Mascarell Canet, Redo"]
[Result "0-1"]
[WhiteElo "1757"]
[BlackElo "2122"]
[PlyCount "60"]
[EventDate "2005.03.19"]

1. e4 c5 2. Nf3 d6 3. d4 cxd4 4. Nxd4 Nf6 5. Nc3 e6 6. f3 a6 7. Be3 b5 8. g4
Bb7 9. g5 Nfd7 10. a3 Nc6 11. Nxc6 Bxc6 12. Qd2 Be7 13. O-O-O Qb8 14. Kb1 a5
15. Nd5 exd5 16. exd5 Bb7 17. Bxb5 Qc7 18. Rhe1 O-O 19. f4 Rfc8 20. Bd4 Bf8 21.
Bc3 a4 22. Re3 Nb6 23. Bd3 Nxd5 24. Bxh7+ Kxh7 25. Rh3+ Kg8 26. Qf2 Nxc3+ 27.
Rxc3 Qd7 28. f5 Rxc3 29. bxc3 Be4 30. g6 Rb8+ 0-1